000 01292nam a2200337 i 4500
001 40491
003 KOSZ 005
005 20200724114715.0
008 020123s1997 pl f f |000 0 pol d
020 _a838573547X
040 _cKOSZ 005
_aKOSZ 005
_dKOSZ 005/HR
046 _k1997
080 _a637.1
080 _a628.3
080 _a(083.1)
100 1 _aTalik, Bogusław
_eAutor
245 1 0 _aOczyszczanie ścieków przemysłu mleczarskiego w środowisku glebowo-roślinnym :
_bwytyczne /
_cBogusław Talik ; Instytut Melioracji i Użytków Zielonych. Oddział we Wrocławiu.
260 _aFalenty :
_bWydaw. IMUZ,
_c1997.
300 _a18 s. ;
_c20 cm.
490 1 _aMateriały Instruktażowe,
_x0860-0813 ;
_v114
504 _aBibliogr.
650 7 _aMleczarstwo
650 7 _aŚcieki przemysłowe
650 7 _aOczyszczanie ścieków
658 _aRolnictwo i leśnictwo
658 _aInżynieria i technika
710 0 _aInstytut Melioracji i Użytków Zielonych (Falenty)
830 _aMateriały Instruktażowe - Instytut Melioracji i Użytków Zielonych ;
_v114
856 _uhttp://koha.tu.koszalin.pl/cgi-bin/koha/opac-detail.pl?biblionumber=40491
_yKatalog online BPK
942 _cKS
_2UKD
999 _c40491
_d40491